Η ανθρώπινη ιστορία των σκύλων
Αποθηκεύτηκε σε:
| Κύριος συγγραφέας: | |
|---|---|
| Άλλοι συγγραφείς: | |
| Μορφή: | Βιβλίο |
| Γλώσσα: | Greek |
| Δημοσίευση: |
Αθήνα :
Αλεξάνδρεια,
2017.
|
| Σειρά: | Κοινωνία και πολιτισμός
|
| Θέματα: | |
| Ετικέτες: |
Προσθήκη ετικέτας
Δεν υπάρχουν, Καταχωρήστε ετικέτα πρώτοι!
|
MARC
| LEADER | 00000cam a2200000 a 4500 | ||
|---|---|---|---|
| 001 | 1/115721 | ||
| 008 | 180125s2017####gr | ||| |||| ||gre|| | ||
| 020 | |a 9789602217580 | ||
| 040 | |a GR-MyUa |b gre |c GR-MyUa |e AACR2 | ||
| 041 | 0 | |a gre | |
| 082 | 7 | |a 636.7 |2 (23) | |
| 100 | 1 | |a Μποτετζάγιας, Ιωσήφ Α. . | |
| 245 | 1 | 2 | |a Η ανθρώπινη ιστορία των σκύλων / |c Ιωσήφ Α. Μποτετζάγιας ; πρόλογος: Άννα Λυδάκη. |
| 260 | |a Αθήνα : |b Αλεξάνδρεια, |c 2017. | ||
| 300 | |a 263 σ. ; |c 21 εκ. | ||
| 490 | 1 | |a (Κοινωνία και πολιτισμός) | |
| 504 | |a Περιλαμβάνει βιβλιογραφία. | ||
| 650 | 0 | |a Dogs |x History. | |
| 700 | 1 | |a Λυδάκη, Άννα, |e aui | |
| 830 | 0 | |a Κοινωνία και πολιτισμός | |
| 852 | |a INST |b LESVOS |e 20180125 |h 636.7 ΜΠΟ |p 005100060940 |q 005100060940 |t BK |y 0 | ||
| 970 | |a Τζαφέρη |b Ευαγγελία |z 25-01-2018 | ||